000 00540nam a22001577a 4500
005 20251108170936.0
008 250721s1987 xx 000 0 ara d
082 1 4 _aم/213/رجب
100 1 _aإبن رجب، زين الدين أبو الفرج عبد الرحمن
245 1 0 _aجامع العلوم و الحكم في شرح خمسين حديثا مع جوامع الكلم /
264 1 _aبيروت :
_bدار الجيل،
_c1987.
300 _a494ص
650 1 7 _aالحديث الشريف
942 _2ddc
_cREF
999 _c52668
_d52668